Телеграммы от учреждений и отдельных лиц о разрешении въезда и выезда в различные города и районы РСФСР

Доступно только в Электронных читальных залах Найти на картеНа карте
RUSMARC
00003830nac2a22002771x 450
00142088a00-92bc-4f62-8921-65e86a17a90d
00520160315135956.0
100##$a20150806l19191919k y0rusy50 ca
1010#$arus
102##$aRU
105##$ay z |||||
1222#$ad19190129
$ad19191207
2001#$aТелеграммы от учреждений и отдельных лиц о разрешении въезда и выезда в различные города и районы РСФСР
$j29 января - 7 декабря 1919
215##$a52 листа
251##$cДело
300##$aЛисты: 5 - поврежденный; 19, 20 - красные чернила
300##$aЧасть документов рукописная, часть - машинописная
324##$aВ деле имеются копии отдельных документов
325##$aЗамикрофильмировано
330##$aВходит в раздел описи: V. Бюро телеграмм. 7. Народный Комиссариат по Внутренним Делам
461#0$1001ad6baeac-e292-4829-90d1-2f4f65796a62
$12001
$aСОВЕТ НАРОДНЫХ КОМИССАРОВ РСФСР (СНК РСФСР)
$1251
$cФонд
$1852
$j130
$gР
462#0$1001b67950a2-451c-4959-b990-a53e352adcaa
$12001
$a1919 год
$vД. 582
$1251
$cОпись
$1852
$j3
60101$3RU\NLR\AUTH\661074810
$aРСФСР
$bСовет Народных Комиссаров
801#0$aRU
$bGA_RF
801#1$aRU
$bНПО Опыт
$c20150806
$2rusmarc
801#2$aRU
$bПБ им. Б.Н. Ельцина
$c20160315
$gRCR
$2rusmarc
852##$aГА РФ
$j582
937##$d67640554
$hПБ
035##$aRuPRLIB51032569
Формат отображения